000 00397 a2200157 4500
999 _c6769
_d6769
020 _a1779004362
050 _aPL8842 NDE 2002
100 _aNdebele, ,J.P.
_eAuthor
245 _aIhawu lababalisi 3 /
_cJ.P. Ndebele
250 _a2nd ed.
264 _aHarare:
_bCollege Press,
_c2002.
300 _a49p. :
500 _aIn ndebele
650 _aNdebele
_xLanguages
942 _2lcc
_cBK
_h8842
_iNDE
_kPL